Quizzes
Events
Quiz Creation
Community
Videos
Private Events
Remove Ads
Sign In
Join for FREE
Feedback
Dark Mode
Quiz Categories
Sports
Geography
Music
Movies
Television
Just For Fun
Miscellaneous
History
Literature
Language
Science
Gaming
Entertainment
Religion
Holiday
For Kids
Quiz Lab
Recent
Popular Today
Quiz Kudos Today
Editor Picks
Curator Picks
Quizzes by...
Day
Popularity
Type
Ratings
Length
Year
Community
Subscriptions
Recent Discussions
Orange Saloon
Badges
Playlists
Quests
Create
Leaderboards
Showdown
Live 5
Trivia Bingo
Activity
Puzzle Library
Sporcle Events
Private Events
Virtual Trivia
Globe League
Become a Host
Pub Owners
SporcleCon
Opinionation
Our Games
Videos
Blog
Mobile Apps
Partnerships
Remove Ads and Go Orange
Feedback
Entertainment
Celebrity
Famous
Musical
Broadway
Show
Quote
Comic Books
Anime
Superhero
DC Comics
Marvel
Cartoons
Animation
Entertainment
Celebrity
Famous
Musical
Broadway
Show
Quote
Comic Books
Anime
Superhero
DC Comics
Marvel
Cartoons
Animation
Random Quiz
Search Sporcle
×
Quiz Lab
Quiz Lab
Entertainment
Actor
Type in answers that appear in a list
Type in answers that appear in a list
Classic
Best Score? Go Orange.
Characters from the Badass Bracket Stats
Can you name the Characters from the Badass Bracket?
By
Illini13
3m
32 Questions
147 Plays
147 Plays
147 Plays
Comments
Comments
Give Quiz Kudos
Give Quiz Kudos
-
- Ratings
hide this ad
Random Order
Randomize order of answers
Randomize order of answers
Replay
Link that replays current quiz
Next Quiz
Link to next quiz in quiz playlist
You Got
0%
They Got
Avg Score
45%
Avg Friend Score
Upgrade to see
Score Distribution
Jump to the score distribution portion of the page
Score
0/32
Timer
03:00
0
Plays Today
Movie/TV Show
Character
% Correct
Batman Begins
Batman
85%
Raiders of the Lost Ark
Indiana Jones
80.3%
Conan the Barbarian
Conan
78.9%
Buffy the Vampire Slayer
Buffy
76.9%
Silence of the Lambs
Hannibal Lector
74.8%
Dr. No
James Bond
73.5%
Walker Texas Ranger
Cordell Walker
72.1%
24
Jack Bauer
70.1%
First Blood
John Rambo
69.4%
The Sopranos
Tony Soprano
68%
Gladiator
Maximus Decimus Meridius
65.3%
Shaft
John Shaft
61.9%
Fight Club
Tyler Durden
59.2%
Scarface
Tony Montana
59.2%
Kill Bill
The Bride
58.5%
Die Hard
John McClane
52.4%
Movie/TV Show
Character
% Correct
The Godfather
Sonny Corleone
48.3%
Alien
Ellen Ripley
39.5%
The Usual Suspects
Keyser Soze
38.8%
Dirty Harry
Harry Callahan
38.1%
Tombstone
Doc Holliday
29.3%
Taxi Driver
Travis Bickle
27.2%
Enter the Dragon
Lee
25.9%
True Grit
Rooster Cogburn
24.5%
Escape from New York
Snake Plissken
20.4%
Pulp Fiction
Jules Winnfield
17%
Goodfellas
Tommy DeVito
11.6%
Evil Dead
Ash Williams
10.2%
Road House
James Dalton
9.5%
Under Seige
Casey Ryback
4.8%
Deadwood
Al Swearengen
4.1%
Sexy Beast
Don Logan
0%
Quiz Playlist
Details
Report
Send in Message
Add To Playlist
Classic:
Type in answers that appear in a list
Random Order:
Randomize order of answers
Quiz Source
Last Updated: Feb 16, 2017
Quiz Scoreboard
CHALLENGE
Sign Up to Join the Scoreboard
Show All
Scores
Hide
Comments
May contain spoilers
Recently Published
College Basketball Coaching Resumes
by pancakes188
Sports
9m
Billboard Blitz: Fleetwood Mac
by CooCooCachoo
Music
15s
Presidents Visiting Landmarks
by Hejman
History
7m
More to Explore
Quiz From the Vault
Featured Blog Post
Where Did the Easter Bunny Come From?
hide this ad
You Might Also Like...
Tags
Actor Quiz
Show Quiz
bracket
Character
Portrayed
Today's Top Quizzes in Entertainment
Browse Entertainment
hide this ad
Today's Top Quizzes in Actor
Browse Actor
Top Contributed Quizzes in Entertainment
1
7-to-1: DC Comics Villains
2
Marvel Characters Bunker
3
Eurovision 2023 Logic Puzzle
4
Dragon Ball Z: Goku's Fights in Order
5
Criteria Quickie: Cartoon Taxonomy II
6
Sorting Pictures: Villains
7
Kamen Rider Motifs
8
Fictional Villains Letter U Blitz
9
Mini Trivia Sudoku: Musicals
10
Dragon Ball Z: Mega Character Search
Explore More
Trending Topics
Anime
Harry Potter
Kpop
Crossword
Marvel
Disney
NBA
Soccer
Country
WWE
Song
NFL
Pokémon
Puzzle
The Office
hide this ad
More By:
Illini13
Quiz
Plays
Rating
Category
Featured
Created
First Round QB Schools 2000-2009
5,303
2.97
Sports
Dec 16, 2009
Things Nickelback is better than?
2,231
2.91
Just For Fun
Apr 10, 2010
Actors/Actresses in Multiple Film Series
409
3.17
Movies
Mar 25, 2010
Characters from the Badass Bracket
147
1.61
Entertainment
Nov 21, 2009
Go to Creator's Profile
Score Distribution
Quiz Creator Spotlight
Illini13
Follow
Send a Message
Quizzes Created
-
Created Quiz Play Count
-
More By This Creator
Popular Quizzes Today
1
Find the US States - No Outlines Minefield
2
Find the Countries of Europe - No Outlines Minefield
3
The Countries of the World
4
Find the US States
5
Risky Map Clicking: Biggest States A-Z
6
US States
7
Popular People in 1961
8
Movies - When Are They Set?
More Entertainment Quizzes
Many Names of Chuck Taylor
Curator's Pick
Trending Quizzes
Risky Map Clicking: Least Populous States A-Z
1-10 Letter G Words
1-10 Letter F Words
Risky Map Clicking: Next State Alphabetically
Click the Washington State Counties! (Map)
Recently Updated
Leaping Animals
pecheneg
Reality TV Shows (A-Z)
bhenderson79
Rickey Henderson's Hall of Fame Teammates
pecheneg
Champions League XIs: Arsenal
pecheneg
Quick Pick: Celebrities in WWE's Hall of Fame
aduchscher
A-Z Keypad Blitz II
pecheneg
Multiple Oscar Actors
pecheneg
Mystery Phrase Blitz: Oscar 'Best Actors'
pecheneg
F. Scott Fitzgerald Novels
LTH
Pick 3 Villains
ddd62291
Trending Topics
NBA
Marvel
Kpop
Disney
Anime
Crossword
Harry Potter
Soccer
Puzzle
The Office
NFL
Pokémon
WWE
Country
Song
Your Account Isn't Verified!
In order to create a playlist on Sporcle, you need to verify the email address you used during registration. Go to your
Sporcle Settings
to finish the process.
Report this User
Report this user for behavior that violates our
Community Guidelines
.
Details:
Send Report
Go to the Sporcle.com Mobile Site →
Comments